A curriculum of difficulty narrative research in education and the practice of teaching /
محفوظ في:
| المؤلف الرئيسي: | |
|---|---|
| التنسيق: | الكتروني كتاب الكتروني |
| اللغة: | الإنجليزية |
| منشور في: |
New York :
P. Lang,
c2006.
|
| سلاسل: | Complicated conversation,
v. 17 |
| الموضوعات: | |
| الوصول للمادة أونلاين: | Available in Education Source. |
| الوسوم: |
إضافة وسم
لا توجد وسوم, كن أول من يضع وسما على هذه التسجيلة!
|
MARC
| LEADER | 00000cam a22000002a 4500 | ||
|---|---|---|---|
| 001 | ebs56847256e | ||
| 003 | EBZ | ||
| 006 | m d |||||| | ||
| 007 | cr|unu|||||||| | ||
| 008 | 051209s2006 nyu ob 001 0 eng | ||
| 020 | 0 | |z 9780820481500 | |
| 035 | |a (EBZ)ebs56847256e | ||
| 040 | |a DLC |d EBZ | ||
| 042 | |a pcc | ||
| 050 | 0 | 0 | |a LB1775 |b .F67 2006 |
| 100 | 1 | |a Fowler, Leah C., |d 1951- | |
| 240 | 1 | 0 | |a Curriculum of difficulty (Online) |
| 245 | 1 | 2 | |a A curriculum of difficulty |h [electronic resource] : |b narrative research in education and the practice of teaching / |c Leah C. Fowler. |
| 246 | 2 | |a Curriculum of Difficulty: Narrative Research in Education & the Practice of Teaching | |
| 260 | |a New York : |b P. Lang, |c c2006. | ||
| 490 | 0 | |a Complicated conversation, |x 1534-2816 ; |v v. 17 | |
| 504 | |a Includes bibliographical references (p. [199]-209) and indexes. | ||
| 650 | 0 | |a Teaching. | |
| 650 | 0 | |a Discourse analysis, Narrative |x Research. | |
| 650 | 0 | |a Curriculum planning. | |
| 773 | 0 | |t Education Source |d EBSCO | |
| 776 | 1 | |t A curriculum of difficulty |w (DLC)2005035619 | |
| 856 | 4 | 0 | |3 Full text available: Apr 2006. |z Available in Education Source. |u https://researchs.unach.elogim.com/direct.asp?db=eue&jid=8TH8&scope=site |
| 901 | |a Book | ||